000
00328 a2200157 4500
001
49817
020
_a
850808272X
040
_c
Anchieta - Bela Vista
240
1
0
_a
De conto em conto
_l
por
245
1
0
_a
De conto em conto
300
_a
95
362
0
_a
2002
440
1
_a
Ática
650
4
_a
Literatura juvenil
942
_c
BK
999
_c
49817
_d
49817